000 00403nam a2200133Ia 4500
008 200619s9999 xx 000 0 und d
082 _a306VIJ
100 _aVijay Manglura
245 0 _aMuslimara Thallana Manadaalad Malithu : Collection of Sixty Articles
264 _aBangalore
_bSambuddha Prakashana
_c2008
300 _a308
942 _cIR
999 _c119995
_d119995